| 000 | 00811cam a2200217 i 4500 | ||
|---|---|---|---|
| 020 | _a9780073397948 (alk. paper) | ||
| 082 | 0 | 0 |
_a624.1834 _bNIL _cM-38, P-122 |
| 100 | 1 |
_aDarwin, David. _920246 |
|
| 245 | 1 | 0 |
_aDesign of concrete structures / _cDavid Darwin, Charles W. Dolan, Arthur H. Nilson. |
| 250 | _aFifteenth edition. | ||
| 260 |
_aNew Delhi: _bMcGrawHill education. _c2016. |
||
| 300 |
_axiv, 786 pages : _billustrations ; _c27 cm |
||
| 500 | _aPrimary author of previous edition: Arthur H. Nilson. | ||
| 526 |
_a0 _b0 _c0 _d624_183400000000000_NIL |
||
| 526 |
_a0 _b0 _c0 _d624_183400000000000_NIL |
||
| 650 | 0 |
_aPrestressed concrete construction. _920245 |
|
| 650 | 0 | _aReinforced concrete construction. | |
| 700 | 1 |
_aDolan, Charles W. _943311 |
|
| 700 | 1 |
_aNilson, Arthur H. _920244 |
|
| 942 |
_2ddc _cBK |
||
| 999 |
_c554013 _d554013 |
||